La Montagne secréte

Guardado en:
书目详细资料
主要作者: Roy, Gabrielle
格式: 图书
语言:Undetermined
出版: Montreal, Canadá Beachemin 1968
主题:
标签: 添加标签
没有标签, 成为第一个标记此记录!

MARC

LEADER 00000nam a2200000Ia 4500
008 170316s9999 xx 000 0 und d
040 |a cru BVZT 
090 |a 818 R-12m 
100 |a Roy, Gabrielle 
245 |a La Montagne secréte 
260 |a Montreal, Canadá 
260 |b Beachemin 
260 |c 1968 
300 |a 222 páginas 
650 |a LITERATURA CANADIENSE 
999 |c 6626  |d 6626 
942 |c 15 D  |h 818 R-12m  |2 z